000 00648nam a2200229 i 4500
001 16346
003 ES-MaACL
005 20230906151311.0
007 t|
008 000831s1999 sp ||||1| spa d
020 _a84-493-0752-X
080 _a791.43
100 1 _aTruffaut, François.
_9111556
245 1 3 _aEl placer de la mirada /
_cFrançois Truffaut.
260 _aBarcelona :
_bPaidós Ibérica,
_c1999.
300 _a292 p. :
_bil. ;
_c21 cm.
490 1 _aLa memoria del cine ;
_v2
650 1 4 _aCine-
_vCríticas.
_911020
830 1 _aLa memoria del cine ;
_v2
_9179946
852 _aES-MaACL
_jL-23503
999 _c16346
_d16346